000 00890pam a2200289 a 4500
008
020 _a0521472393 (paperback)
040 _aNUST
_cNUST
049 _aMAIN
090 _aTJ216
_bCLA
100 1 _aClark, Robert N.
245 1 0 _aControl system dynamics /
_cRobert N. Clark.
260 _aCambridge ;
_aNew York :
_bCambridge University Press,
_c1996.
300 _axiii, 509 pages. :
_billustrations ;
_c26 cm.
336 _atext
_btxt
_2rdacontent
337 _aunmediated
_bn
_2rdamedia
338 _avolume
_bnc
_2rdacarrier
504 _aIncludes bibliographical references.
500 _aIncludes index.
650 0 _aFeedback control systems.
650 0 _aControl theory.
653 0 _aControl systems.
907 _a.b10022259
_b31-03-21
_c17-04-03
003
005 20230123141146.0
942 _cBOOKS
_kTJ216
_mCLA
999 _c168671
_d168671